01179cam a2200277 a 45000010009000000050017000090080041000260200022000670400043000890820023001321000022001552450134001772600147003113000017004585000163004756500019006386500010006576500017006676500010006846500012006947000024007068560057007309420006007879520095007939990013008881433543720240227014419.0060410s1994 njua b s100 0 eng d a0912917296 (pbk.) aPITcPITdUIUdSLUdZBLdOCLdEL$dDLC04a323.334.220bDEM.1 aBunch, Charlotte,10aDemanding accountability :bthe Global Campaign and Vienna Tribunal for Women's Human Rights /cCharlotte Bunch and Niamh Reilly. aNew Brunswick, NJ :bCenter for Women's Global Leadership, Rutgers University ;aNew York :bUnited Nations Development Fund for Women,c1994. avi, 169 p. : aThe Global Tribunal on Violations of Women's Human Rights was convened during the 2nd United Nations World Conference on Human Rights, held in Vienna in 1993. 0aWomen's rights 0aWomen 0aHuman rights 0aWomen 4aMujeres1 aReilly, Niamh.eedt41uhttp://www.loc.gov/catdir/toc/fy0608/2006273907.html cL 001040708LaWERCLbWERCLd2024-02-27l0o323.334. DEM.p4019r2024-02-27w2024-02-27yL c494d494